Investments : (Record no. 7068)

MARC details
000 -LEADER
fixed length control field 00657cam a22002292 4500
001 - CONTROL NUMBER
control field 0000005776
005 - DATE AND TIME OF LATEST TRANSACTION
control field 20151217152005.0
008 - FIXED-LENGTH DATA ELEMENTS--GENERAL INFORMATION
fixed length control field 070717s xx 000 0 eng d
020 ## - INTERNATIONAL STANDARD BOOK NUMBER
International Standard Book Number 9812531386 :
Terms of availability KES 1,000
040 ## - CATALOGING SOURCE
Original cataloging agency KABU
Transcribing agency KABU
050 #0 - LIBRARY OF CONGRESS CALL NUMBER
Classification number HG4521
Item number .J66 2004
100 1# - MAIN ENTRY--PERSONAL NAME
Personal name Jones, Charles P.
-- 0000152634
245 10 - TITLE STATEMENT
Title Investments :
Remainder of title analysis and management.
250 ## - EDITION STATEMENT
Edition statement 9th ed.
260 ## - PUBLICATION, DISTRIBUTION, ETC. (IMPRINT)
Place of publication, distribution, etc. New Jersey :
Name of publisher, distributor, etc. John Wiley,
Date of publication, distribution, etc. 2004.
300 ## - PHYSICAL DESCRIPTION
Extent xiv, 641 p.
650 #0 - SUBJECT ADDED ENTRY--TOPICAL TERM
Topical term or geographic name as entry element Investments.
-- 0000105741
650 #0 - SUBJECT ADDED ENTRY--TOPICAL TERM
Topical term or geographic name as entry element Investment analysis.
-- 0000152635
908 ## - PUT COMMAND PARAMETER (RLIN)
Put command parameter 070717
950 ## - LOCAL HOLDINGS (RLIN)
-- 1
Holdings
Withdrawn status Lost status Source of classification or shelving scheme Not for loan Home library Current library Date acquired Total Checkouts Full call number Barcode Date last seen Date last checked out Price effective from Koha item type
    Library of Congress Classification   Kabarak, Main Campus Kabarak, Main Campus 17/12/2015 1 HG4521 .J66 2004 007014 17/11/2016 19/10/2016 17/12/2015 General Collection
Designed with assistance from East African Informatics Ltd